Pochvala a motivácia ako deficitný aspekt pedagogickej praxe

Vzájomné porovnávanie kvalít a schopností sú predpokladom k reálnemu sebahodnoteniu a pozitívnemu pohľadu na výkony jednotlivcov. Motivácia a druhy motivácie. Pôsobenie negatívnych a pozitívnych odmien. Psychické a fyzické výkony vo vzdelávacom procese.

Gespeichert in:
Bibliographische Detailangaben
1. Verfasser: Soroková, Tatiana
Format: Buchkapitel
Sprache:Slowakisch
Schlagworte:
Tags: Tag hinzufügen
Keine Tags, Fügen Sie das erste Tag hinzu!

MARC

LEADER 00000naa a2200000 4500
001 0210806
005 20231127103708.0
041 0 |a slo 
044 |a SK 
245 1 0 |a Pochvala a motivácia ako deficitný aspekt pedagogickej praxe  |c Tatiana Soroková 
520 |a Vzájomné porovnávanie kvalít a schopností sú predpokladom k reálnemu sebahodnoteniu a pozitívnemu pohľadu na výkony jednotlivcov. Motivácia a druhy motivácie. Pôsobenie negatívnych a pozitívnych odmien. Psychické a fyzické výkony vo vzdelávacom procese. 
610 2 0 |a pedagogika sociálna 
610 2 0 |a psychológia sociálna 
610 2 0 |a sebahodnotenie 
610 2 0 |a motivácia 
610 2 0 |a stimuly morálne 
610 2 0 |a školy 
610 2 0 |a učitelia 
610 2 0 |a žiaci 
100 1 |a Soroková, Tatiana